000 01154nam0a22002291i 4500
001 rc\3628693
005 20240724000920.0
021 _aRU
_b[70-12525а]
035 _a(NLR Aleph) 007722124
090 _a6963071
_c6963071
100 _a20130115d1970 |||y0rusy50 ca
101 0 _arus
102 _aRU
105 _aa d |||||
200 1 _aМакроскопическое изучение физических свойств горных пород и сокращение числа измеряемых характеристик без потери информации об исследуемых объектах
_e(На примере пород месторождений Кольского полуострова)
_eАвтореф. дис. на соискание учен. степени канд. техн. наук
_e(05.046)
_fТомский политехн. ин-т им. С.М. Кирова
210 _aАпатиты
_d1970
215 _a21 с.
_cсхем.
700 1 _aМедведев
_bР.В.
_gРоберт Владимирович
801 0 _aRU
_bNLR
_gpsbo
801 1 _aRU
_bELAR
_2rusmarc
852 _aNLR
_j70-4/15022
942 _cBOOK